Score 0/20 Timer 03:00
0 Plays Today
Film Title Missing Word % Correct
The ______ Wears PradaDevil
97.3%
The _______ GamesHunger
96%
A Midsummer Night's ______Dream
94.5%
Shall We ______Dance
89.1%
Captain ________: the First AvengerAmerica
88.1%
_____ to PerditionRoad
87.4%
_____ & JuliaJulie
84.5%
Maid in ___________Manhattan
83.1%
The Pelican ______Brief
82.3%
Jack the _______ SlayerGiant
81.9%
Film Title Missing Word % Correct
It Could ______ to YouHappen
77.7%
The Lovely _____Bones
73.5%
Lucky ______ SlevinNumber
61.9%
The _____ of Despereaux*Tale
57.4%
Prizzi's _______Honor
56.4%
_____ AEasy
53.7%
Prelude to a _____Kiss
52.5%
______ BathgateBilly
36.4%
Deconstructing _______Harry
27.7%
____ NightBig
8.9%

Today's Daily Dose

Missing Word
'T' Pairs

Word Ladder
Game Pieces

Get the Picture
Baseball Movies

Remove Ads.
Support Sporcle.
Get the best of Sporcle when you Go Orange. This ad-free experience offers more features, more stats, and more fun while also helping to support Sporcle. Thank you for becoming a member.

You're not logged in!

Compare scores with friends on all Sporcle quizzes.
OR
Log In

Show Comments

Extras

Top Quizzes Today


Score Distribution

Your Account Isn't Verified!

In order to create a playlist on Sporcle, you need to verify the email address you used during registration. Go to your Sporcle Settings to finish the process.

Report this User

Report this user for behavior that violates our Community Guidelines.

Details: